[Event "DEM U18w 2011"]
[Site "Oberhof GER"]
[Date "2011.06.13"]
[Round "3"]
[White "Carow, Annelen"]
[Black "Rogasch, Miriam"]
[Result "1-0"]
[Termination "normal"]
[Board "6"]
[WhiteElo "1860"]
[BlackElo "1795"]
[PlyCount "69"]
[WhiteFideId "24692492"]
[BlackFideId "4616324"]
[EventCountry "GER"]
[EventRounds "9"]
[EventType "swiss"]
[EventDate "2011.06.11"]

1. d4 Nf6 2. c4 g6 3. g3 Bg7 4. Bg2 O-O 5. Nf3 d6 6. O-O c5 7. Nc3 Nbd7 8. b3
a6 9. Bb2 Rb8 10. a4 b6 11. Qc2 Bb7 12. d5 e5 13. dxe6 fxe6 14. e4 Nxe4 15.
Nxe4 Bxb2 16. Rae1 Ne5 17. Nxe5 Bxe5 18. h4 Bxe4 19. Rxe4 Qf6 20. Rg4 Qf5 21.
Qe2 Bd4 22. Rg5 Qf6 23. Be4 Rf7 24. Kg2 Rbf8 25. f4 Rg7 26. h5 e5 27. hxg6 hxg6
28. Rh1 exf4 29. Bd5+ Rgf7 30. gxf4 Qxf4 31. Rxg6+ Bg7 32. Rf1 Qe5 33. Qxe5
dxe5 34. Rxf7 Rxf7 35. Rxb6 1-0

[Event "DEM U18w 2011"]
[Site "Oberhof GER"]
[Date "2011.06.13"]
[Round "3"]
[White "Sancar, Alina"]
[Black "Lehmann, Patricia"]
[Result "1/2-1/2"]
[Termination "normal"]
[Board "7"]
[WhiteElo "1795"]
[BlackElo "1522"]
[PlyCount "103"]
[WhiteFideId "4624750"]
[BlackFideId "12900060"]
[EventCountry "GER"]
[EventRounds "9"]
[EventType "swiss"]
[EventDate "2011.06.11"]

1. e4 c5 2. Nf3 d6 3. d4 cxd4 4. Nxd4 Nf6 5. Nc3 a6 6. h3 e6 7. Be2 Nbd7 8. O-O
b5 9. a3 Bb7 10. Bf3 Rc8 11. Re1 Qc7 12. Nb3 Be7 13. Bf4 Qb8 14. Qd2 e5 15. Be3
O-O 16. Rad1 Rfd8 17. Qe2 Qa8 18. Bc1 Nb6 19. Na5 Nc4 20. Nxb7 Qxb7 21. Nd5
Nxd5 22. Rxd5 Rc7 23. c3 Nb6 24. Rd3 Nd7 25. Bg4 Nf6 26. h4 Rc4 27. Re3 d5 28.
Bf5 Nxe4 29. Bxe4 Rxe4 30. Rxe4 dxe4 31. Qg4 Rd6 32. h5 Qd7 33. Qxe4 f6 34. h6
g6 35. f4 exf4 36. Bxf4 Rd1 37. Rxd1 Qxd1+ 38. Kh2 Qh5+ 39. Kg3 f5 40. Qd5+ Kf8
41. Kf2 Qh4+ 42. g3 Qh2+ 43. Qg2 Qxg2+ 44. Kxg2 Kf7 45. Kf3 Kf6 46. Be3 g5 47.
Bd4+ Kg6 48. Bg7 Bf6 49. Bxf6 Kxf6 50. b3 Ke5 51. Ke3 Kd5 52. Kf3 1/2-1/2

[Event "DEM U18w 2011"]
[Site "Oberhof GER"]
[Date "2011.06.13"]
[Round "3"]
[White "Bauersfeld, Jasmin"]
[Black "Gordeeva, Vitalia"]
[Result "0-1"]
[Termination "normal"]
[Board "9"]
[WhiteElo "1182"]
[BlackElo "1709"]
[PlyCount "80"]
[BlackFideId "24688053"]
[EventCountry "GER"]
[EventRounds "9"]
[EventType "swiss"]
[EventDate "2011.06.11"]

1. e4 c5 2. c4 Nf6 3. Nc3 e6 4. Nge2 d6 5. g3 Nc6 6. Bg2 g6 7. d3 Bg7 8. O-O
O-O 9. h3 a6 10. a4 Qc7 11. f4 b6 12. Be3 Bb7 13. f5 Nb4 14. g4 d5 15. exd5
exd5 16. g5 Ne8 17. f6 Bh8 18. cxd5 Rd8 19. Nf4 Rd7 20. Qb3 Nd6 21. d4 Nf5 22.
Nce2 Re8 23. Bf2 a5 24. Rac1 Ba6 25. Rfe1 c4 26. Qa3 Qb8 27. Ng3 Nh4 28. Rxe8+
Qxe8 29. Re1 Qd8 30. Qe3 h6 31. Qe8+ Qxe8 32. Rxe8+ Kh7 33. Be4 hxg5 34. Nfh5
Bb7 35. Re5 Bxd5 36. Rxg5 Bxe4 37. Nxe4 Nf3+ 38. Kg2 Nxg5 39. Nxg5+ Kh6 40. Ng3
Kxg5 0-1

[Event "DEM U18w 2011"]
[Site "Oberhof GER"]
[Date "2011.06.13"]
[Round "3"]
[White "Kölbl, Ines"]
[Black "Falke, Cynthia"]
[Result "1-0"]
[Termination "normal"]
[Board "10"]
[WhiteElo "1808"]
[BlackElo "1681"]
[PlyCount "49"]
[WhiteFideId "24697052"]
[BlackFideId "24600644"]
[EventCountry "GER"]
[EventRounds "9"]
[EventType "swiss"]
[EventDate "2011.06.11"]

1. d4 d5 2. Nf3 Nf6 3. c3 e6 4. Bg5 Be7 5. Nbd2 Nbd7 6. e3 c6 7. Ne5 Qc7 8. f4
b6 9. Bd3 Bb7 10. a4 Qd8 11. Qe2 Nxe5 12. dxe5 Nd7 13. Bxe7 Qxe7 14. O-O Nc5
15. Bc2 Ba6 16. c4 Nb7 17. Bd3 Qb4 18. f5 exf5 19. Rxf5 Nc5 20. Raf1 O-O 21.
Bb1 Bxc4 22. Nxc4 Qxc4 23. Qh5 g6 24. Qh6 Ne6 25. Rh5 1-0

[Event "DEM U18w 2011"]
[Site "Oberhof GER"]
[Date "2011.06.14"]
[Round "4"]
[White "Evers, Annika"]
[Black "Stitterich, Nadine"]
[Result "0-1"]
[Termination "normal"]
[Board "1"]
[WhiteElo "1675"]
[BlackElo "2015"]
[PlyCount "60"]
[WhiteFideId "24691933"]
[BlackFideId "24676527"]
[EventCountry "GER"]
[EventRounds "9"]
[EventType "swiss"]
[EventDate "2011.06.11"]

1. d4 d5 2. Nf3 c6 3. e3 Nf6 4. Bd3 Bg4 5. c4 e6 6. Qb3 Qb6 7. Ne5 Bh5 8. O-O
Nbd7 9. f4 Be7 10. Nc3 O-O 11. Bd2 Nxe5 12. fxe5 Nd7 13. Rac1 dxc4 14. Bxc4
Qxb3 15. Bxb3 Rad8 16. Ne4 Bg6 17. Nd6 Bxd6 18. exd6 Nf6 19. Ba5 Rd7 20. Ba4
Ne4 21. Bb4 Nxd6 22. Rf4 Re8 23. Bc5 Ne4 24. Bxa7 Ra8 25. Bc2 Rxa7 26. Bxe4
Bxe4 27. Rxe4 Rxa2 28. d5 Rxb2 29. dxc6 bxc6 30. Rxc6 Rd1# 0-1

[Event "DEM U18w 2011"]
[Site "Oberhof GER"]
[Date "2011.06.14"]
[Round "4"]
[White "Stark, Saskia"]
[Black "Bochis, Julia"]
[Result "0-1"]
[Termination "normal"]
[Board "2"]
[BlackTitle "FM"]
[WhiteElo "2019"]
[BlackElo "2128"]
[PlyCount "94"]
[WhiteFideId "4601050"]
[BlackFideId "24647276"]
[EventCountry "GER"]
[EventRounds "9"]
[EventType "swiss"]
[EventDate "2011.06.11"]

1. e4 d6 2. d4 Nf6 3. Nc3 g6 4. h3 Bg7 5. Nf3 O-O 6. Be3 Nc6 7. Bc4 Nd7 8. O-O
Nb6 9. Be2 e5 10. Qd2 Re8 11. Rad1 Qe7 12. Rfe1 exd4 13. Nxd4 Be6 14. b3 Qf8
15. Bb5 Bd7 16. a4 Rad8 17. a5 Nxa5 18. Bxd7 Rxd7 19. Ncb5 Nc6 20. Nxc6 bxc6
21. Nxa7 c5 22. f3 h6 23. Nb5 Kh7 24. Nc3 Qh8 25. Nd5 Nc8 26. Qf2 Ne7 27. Qh4
Nxd5 28. Rxd5 Rde7 29. Red1 Re6 30. g4 Kg8 31. Kg2 Ra8 32. R1d2 Ree8 33. Qf2
Ra1 34. Rd1 Ra2 35. Rb1 Be5 36. b4 Rb8 37. f4 Bc3 38. b5 Qf6 39. e5 Qe6 40. Rd3
Bb4 41. exd6 cxd6 42. Rbd1 c4 43. Rd5 Qe4+ 44. Qf3 Rxc2+ 45. Kg3 Qe7 46. Rc1
Rxc1 47. Bxc1 Qe1+ 0-1

[Event "DEM U18w 2011"]
[Site "Oberhof GER"]
[Date "2011.06.14"]
[Round "4"]
[White "Schulz, Anja"]
[Black "Carow, Annelen"]
[Result "1-0"]
[Termination "normal"]
[Board "3"]
[WhiteElo "2087"]
[BlackElo "1860"]
[PlyCount "87"]
[WhiteFideId "24647845"]
[BlackFideId "24692492"]
[EventCountry "GER"]
[EventRounds "9"]
[EventType "swiss"]
[EventDate "2011.06.11"]

1. e4 e5 2. Nf3 Nc6 3. Bb5 a6 4. Ba4 Nf6 5. d3 Bc5 6. O-O b5 7. Bb3 d6 8. c3 h6
9. Re1 Bb6 10. Nbd2 O-O 11. Nf1 Ne7 12. h3 Ng6 13. Ng3 Re8 14. a4 Rb8 15. d4 c5
16. axb5 axb5 17. Bc2 Qc7 18. Be3 Be6 19. Qd2 Kh7 20. d5 Bd7 21. Nf5 Bxf5 22.
exf5 Nf8 23. g4 c4 24. g5 Bxe3 25. fxe3 hxg5 26. Nxg5+ Kg8 27. Qg2 N8h7 28. h4
Kf8 29. Ra6 Rb6 30. Rea1 Reb8 31. Kh1 Rxa6 32. Rxa6 Ke7 33. Nf3 Qb7 34. Rc6 Rd8
35. e4 Nh5 36. Qg1 Rb8 37. Nxe5 dxe5 38. Qc5+ Kd8 39. Qd6+ Ke8 40. Rc7 Qxc7 41.
Qxc7 Rd8 42. Qxe5+ Kd7 43. d6 Kc6 44. Qd5+ 1-0

[Event "DEM U18w 2011"]
[Site "Oberhof GER"]
[Date "2011.06.14"]
[Round "4"]
[White "Sonnhalter, Stella"]
[Black "Dorn, Carina"]
[Result "0-1"]
[Termination "normal"]
[Board "4"]
[WhiteElo "1748"]
[BlackElo "1900"]
[PlyCount "94"]
[WhiteFideId "4624815"]
[BlackFideId "24666335"]
[EventCountry "GER"]
[EventRounds "9"]
[EventType "swiss"]
[EventDate "2011.06.11"]

1. e4 c6 2. Nf3 d5 3. exd5 cxd5 4. Ne5 Nc6 5. d4 Nf6 6. Bb5 Bd7 7. Nxd7 Qxd7 8.
c3 a6 9. Bd3 Qg4 10. Qxg4 Nxg4 11. Bf4 e6 12. Nd2 Be7 13. O-O O-O 14. Nf3 b5
15. h3 Nf6 16. Ne5 Nxe5 17. Bxe5 Nd7 18. Bg3 Nb6 19. f4 g6 20. Bh2 Nc4 21. Bxc4
bxc4 22. g4 Rab8 23. Rab1 f5 24. Rfe1 Kf7 25. b4 cxb3 26. axb3 Rfc8 27. Rec1
Ba3 28. Rc2 Bb4 29. c4 dxc4 30. bxc4 Bc3 31. Rd1 Rxc4 32. Kf1 Rb2 33. Rdc1 Rxc2
34. Rxc2 Rc7 35. Ke2 Ba5 36. Ra2 Bb4 37. Bg3 Rc3 38. Be1 Rxh3 39. Ra1 Bxe1 40.
Rxe1 fxg4 41. Rg1 h5 42. Ra1 Rf3 43. Rxa6 Rxf4 44. Ke3 Rf5 45. Ra1 g3 46. Rg1
h4 47. Rg2 Kf6 0-1

[Event "DEM U18w 2011"]
[Site "Oberhof GER"]
[Date "2011.06.14"]
[Round "4"]
[White "Nguyen Minh, Thuy"]
[Black "Blübaum, Johanna"]
[Result "1-0"]
[Termination "normal"]
[Board "5"]
[WhiteElo "1937"]
[BlackElo "1998"]
[PlyCount "89"]
[WhiteFideId "24672688"]
[BlackFideId "24647373"]
[EventCountry "GER"]
[EventRounds "9"]
[EventType "swiss"]
[EventDate "2011.06.11"]

1. e4 e6 2. d4 d5 3. Nc3 Nf6 4. e5 Nfd7 5. f4 c5 6. Nf3 Nc6 7. Be3 Be7 8. Qd2
O-O 9. Be2 a6 10. O-O b5 11. a3 Bb7 12. Nd1 Qa5 13. c3 b4 14. Nf2 bxc3 15. bxc3
c4 16. Qc2 f6 17. exf6 gxf6 18. Nh3 Nd8 19. Rfb1 Bc6 20. a4 Nb6 21. Bd1 Kh8 22.
f5 exf5 23. Qxf5 Bd7 24. Qh5 Rg8 25. Bc2 Rg7 26. Bd2 Nf7 27. Nf4 Bg4 28. Qh4
Rag8 29. Kf2 Nd6 30. Re1 Nbc8 31. h3 f5 32. Rxe7 Nxe7 33. hxg4 fxg4 34. Ne5
Nef5 35. Qf6 Qd8 36. Qxd8 Rxd8 37. Ne6 g3+ 38. Kg1 Rb8 39. Nxg7 Kxg7 40. Rb1
Rf8 41. Rb6 Ne4 42. Bxe4 dxe4 43. Nxc4 h5 44. Ne3 Nh4 45. Be1 1-0

[Event "DEM U18w 2011"]
[Site "Oberhof GER"]
[Date "2011.06.14"]
[Round "4"]
[White "Gordeeva, Vitalia"]
[Black "Sancar, Alina"]
[Result "0-1"]
[Termination "normal"]
[Board "6"]
[WhiteElo "1709"]
[BlackElo "1795"]
[PlyCount "60"]
[WhiteFideId "24688053"]
[BlackFideId "4624750"]
[EventCountry "GER"]
[EventRounds "9"]
[EventType "swiss"]
[EventDate "2011.06.11"]

1. e4 c5 2. Nf3 Nc6 3. Bb5 d6 4. h3 Bd7 5. O-O g6 6. Re1 Bg7 7. c3 a6 8. Bf1 e6
9. d4 Nge7 10. Bf4 cxd4 11. cxd4 d5 12. e5 Qb6 13. b3 Nf5 14. Be3 O-O 15. Nc3
Nxe3 16. Rxe3 Na7 17. g3 Rac8 18. Ne1 Rc7 19. Ne2 f6 20. Nd3 Nb5 21. Nc5 Nxd4
22. Nxd7 Nxe2+ 23. Qxe2 Rxd7 24. exf6 Rxf6 25. Re1 Rdf7 26. f4 Bf8 27. Kh2 Bb4
28. Rxe6 Rxe6 29. Qxe6 Qf2+ 30. Kh1 Qxe1 0-1

[Event "DEM U18w 2011"]
[Site "Oberhof GER"]
[Date "2011.06.14"]
[Round "4"]
[White "Lehmann, Patricia"]
[Black "Kölbl, Ines"]
[Result "1-0"]
[Termination "normal"]
[Board "7"]
[WhiteElo "1522"]
[BlackElo "1808"]
[PlyCount "59"]
[WhiteFideId "12900060"]
[BlackFideId "24697052"]
[EventCountry "GER"]
[EventRounds "9"]
[EventType "swiss"]
[EventDate "2011.06.11"]

1. d4 d5 2. c4 e6 3. Nc3 c6 4. cxd5 exd5 5. Nf3 Bd6 6. g3 Bg4 7. Bg2 Nd7 8. O-O
Ngf6 9. Qc2 O-O 10. a3 Re8 11. b4 Ne4 12. Nxe4 dxe4 13. Ng5 Nf6 14. Nxe4 Nxe4
15. Bxe4 Bxe2 16. Qxe2 Bxg3 17. hxg3 Qxd4 18. Bb2 Qxe4 19. Qxe4 Rxe4 20. Rfe1
Rxe1+ 21. Rxe1 Kf8 22. Kg2 Rd8 23. Bc3 g6 24. Kh3 Rd5 25. Re5 Rd3 26. Bb2 Rd2
27. Bc1 Rd8 28. Bh6+ Kg8 29. Re7 f6 30. Rxb7 1-0

[Event "DEM U18w 2011"]
[Site "Oberhof GER"]
[Date "2011.06.14"]
[Round "4"]
[White "Begeluri, Nino"]
[Black "Oberpriller, Katharina"]
[Result "1-0"]
[Termination "normal"]
[Board "8"]
[WhiteElo "1843"]
[BlackElo "1616"]
[PlyCount "119"]
[EventCountry "GER"]
[EventRounds "9"]
[EventType "swiss"]
[EventDate "2011.06.11"]

1. e4 c6 2. d4 d5 3. Nc3 dxe4 4. Nxe4 Bf5 5. Ng3 Bg6 6. Bc4 e6 7. N1e2 h6 8.
Nf4 Bh7 9. O-O Nf6 10. Bb3 Bd6 11. Re1 O-O 12. c3 Qc7 13. Qf3 Nbd7 14. Be3 Rfe8
15. Nfh5 Bg6 16. Nxf6+ Nxf6 17. Bxh6 Bxg3 18. hxg3 Bh5 19. Qf4 Qxf4 20. Bxf4
Nd5 21. Bd2 Bg6 22. f3 Rad8 23. Rad1 Ne7 24. Bg5 Rd7 25. Kf2 Nd5 26. Bc1 Rdd8
27. Re2 Rc8 28. a3 a6 29. Ba2 Bh7 30. c4 Nc7 31. Bf4 Red8 32. b4 Bg6 33. g4 Rd7
34. Red2 Rcd8 35. Bxc7 Rxc7 36. Ke3 Rcd7 37. a4 Kf8 38. Bb3 Ke7 39. d5 cxd5 40.
cxd5 exd5 41. Rxd5 Rxd5 42. Rxd5 Rc8 43. Rc5 Rd8 44. Rc7+ Rd7 45. Rxd7+ Kxd7
46. f4 f5 47. Bc2 Ke6 48. Kd4 Kf6 49. Kc5 fxg4 50. Bxg6 Kxg6 51. Kb6 Kf5 52.
Kxb7 Kxf4 53. Kxa6 Kg3 54. b5 Kxg2 55. b6 g3 56. b7 Kh1 57. b8=Q g2 58. Qh8+
Kg1 59. Qxg7 Kh1 60. Qxg2+ 1-0

[Event "DEM U18w 2011"]
[Site "Oberhof GER"]
[Date "2011.06.14"]
[Round "4"]
[White "Velina, Valeria"]
[Black "Beier, Nina"]
[Result "1/2-1/2"]
[Termination "normal"]
[Board "9"]
[WhiteElo "1751"]
[BlackElo "1521"]
[PlyCount "87"]
[WhiteFideId "24677345"]
[BlackFideId "24660434"]
[EventCountry "GER"]
[EventRounds "9"]
[EventType "swiss"]
[EventDate "2011.06.11"]

1. e4 e6 2. d4 d5 3. exd5 exd5 4. Bd3 Bd6 5. Ne2 Ne7 6. O-O O-O 7. c3 c6 8. Qc2
Ng6 9. f4 f5 10. Ng3 Qf6 11. Be3 Be6 12. Nd2 Nd7 13. Rae1 Rae8 14. Qc1 Qd8 15.
Nf3 h6 16. Bd2 Qc7 17. Bxf5 Nxf4 18. Bxe6+ Nxe6 19. Ne2 Nf6 20. h3 Ne4 21. Be3
Rf6 22. Nd2 Rxf1+ 23. Rxf1 Bh2+ 24. Kh1 Ng3+ 25. Nxg3 Bxg3 26. Nf3 Nf4 27. Qd2
Rf8 28. Ne5 Ne6 29. Rxf8+ Nxf8 30. Bf4 Bxf4 31. Qxf4 Qe7 32. Qg4 Qf6 33. Qf3
Qxf3 34. gxf3 Ne6 35. Kg2 Kf8 36. Kg3 Ke7 37. Kg4 Kf6 38. a4 a5 39. b3 g6 40.
h4 h5+ 41. Kg3 Ng7 42. Nd7+ Ke7 43. Ne5 Kf6 44. Nd7+ 1/2-1/2

[Event "DEM U18w 2011"]
[Site "Oberhof GER"]
[Date "2011.06.14"]
[Round "4"]
[White "Rogasch, Miriam"]
[Black "Garny, Annica"]
[Result "1-0"]
[Termination "normal"]
[Board "10"]
[WhiteElo "1795"]
[BlackElo "1783"]
[PlyCount "91"]
[WhiteFideId "4616324"]
[BlackFideId "24600660"]
[EventCountry "GER"]
[EventRounds "9"]
[EventType "swiss"]
[EventDate "2011.06.11"]

1. e4 e5 2. Nf3 Nc6 3. Bb5 a6 4. Ba4 b5 5. Bb3 Nf6 6. O-O Be7 7. Re1 O-O 8. h3
d6 9. c3 Be6 10. d4 Bxb3 11. axb3 exd4 12. cxd4 Re8 13. Nc3 h6 14. Bd2 Qd7 15.
Qc1 Nb4 16. Re3 d5 17. Ne5 Qd6 18. Rg3 Nh5 19. Rg4 Kf8 20. Nxd5 Nxd5 21. exd5
f6 22. Nc6 Qxd5 23. Nxe7 Kxe7 24. Qxc7+ Kf8 25. Qc5+ Qxc5 26. dxc5 f5 27. Rd4
Nf6 28. Bc3 Ne4 29. b4 Rec8 30. Rd7 Nxc3 31. bxc3 a5 32. Rb7 a4 33. Rxb5 a3 34.
Ra5 Rxa5 35. bxa5 Rxc5 36. Rxa3 Ke7 37. a6 Rc8 38. a7 Ra8 39. Kf1 Kd7 40. Ke2
Kc7 41. Kd3 Kb7 42. Kc2 Re8 43. a8=Q+ Rxa8 44. Rxa8 Kxa8 45. Kd3 Kb7 46. Kd4
1-0

[Event "DEM U18w 2011"]
[Site "Oberhof GER"]
[Date "2011.06.14"]
[Round "4"]
[White "Falke, Cynthia"]
[Black "Maiwald, Anja"]
[Result "0-1"]
[Termination "normal"]
[Board "11"]
[WhiteElo "1681"]
[BlackElo "1483"]
[PlyCount "80"]
[WhiteFideId "24600644"]
[EventCountry "GER"]
[EventRounds "9"]
[EventType "swiss"]
[EventDate "2011.06.11"]

1. e4 c6 2. d4 d5 3. exd5 cxd5 4. Bd3 Nf6 5. Bf4 Nc6 6. c3 Bg4 7. Qb3 Qd7 8.
Nd2 e6 9. Ngf3 Bd6 10. Bxd6 Qxd6 11. O-O O-O 12. Rae1 Rab8 13. Ne5 Bf5 14. Bxf5
exf5 15. f4 Ne4 16. Qd1 b5 17. a3 a5 18. Re3 b4 19. Nxe4 fxe4 20. Qa4 Rfc8 21.
Nxc6 Rxc6 22. axb4 axb4 23. Qc2 Rbc8 24. g3 Rc4 25. Qd2 Qb6 26. Ra1 g6 27. Kh1
bxc3 28. bxc3 Qb3 29. Rc1 Ra8 30. Rc2 Ra1+ 31. Rc1 Ra2 32. Qe1 Qb2 33. Qg1 Rca4
34. Ree1 R4a3 35. Re3 Ra1 36. Rxa1 Rxa1 37. Re1 Ra3 38. c4 dxc4 39. Rxe4 Ra1
40. Re1 Qb7+ 0-1

[Event "DEM U18w 2011"]
[Site "Oberhof GER"]
[Date "2011.06.14"]
[Round "4"]
[White "Sturm, Johanna"]
[Black "Bauersfeld, Jasmin"]
[Result "1-0"]
[Termination "normal"]
[Board "12"]
[WhiteElo "1606"]
[BlackElo "1182"]
[PlyCount "141"]
[WhiteFideId "12909904"]
[EventCountry "GER"]
[EventRounds "9"]
[EventType "swiss"]
[EventDate "2011.06.11"]

1. e4 e6 2. d4 d5 3. Nd2 Nf6 4. e5 Nfd7 5. f4 c5 6. c3 Nc6 7. Ndf3 Rb8 8. Bd3
b5 9. Ne2 b4 10. O-O bxc3 11. bxc3 Qa5 12. Re1 Be7 13. Bd2 c4 14. Bb1 f6 15.
Kh1 Ba3 16. Bc2 Ba6 17. Ba4 Bb5 18. Bxb5 Rxb5 19. Rb1 O-O 20. Rxb5 Qxb5 21. Qc2
Rb8 22. h3 Qb2 23. Qa4 Rb6 24. Bc1 Qxa2 25. Qxa3 Qxa3 26. Bxa3 Rb3 27. Ra1 a5
28. Nd2 Rb7 29. Rb1 Rxb1+ 30. Nxb1 a4 31. g4 Kf7 32. h4 g6 33. g5 f5 34. Nc1
Na7 35. Kg2 Ke8 36. Na2 Nb8 37. Nb4 Kd7 38. Kf2 Nac6 39. Nxc6 Nxc6 40. Ke2 Kc7
41. Kd2 Kb6 42. Kc2 Nd8 43. Kb2 Nc6 44. Bb4 Kb5 45. Ka3 Nb8 46. Nd2 Nd7 47. Nf1
Nb6 48. Ng3 Nd7 49. h5 Nb8 50. hxg6 hxg6 51. Nf1 Nd7 52. Ne3 Nb6 53. Ng2 Na8
54. Nh4 Nc7 55. Nxg6 Ne8 56. Bf8 Nc7 57. Nh8 Kc6 58. g6 Ne8 59. g7 Nxg7 60.
Bxg7 Kd7 61. Kxa4 Kc6 62. Ka5 Kc7 63. Kb5 Kd7 64. Kc5 Kc7 65. Ng6 Kd7 66. Nf8+
Ke7 67. Kc6 Kf7 68. Kd7 Kxg7 69. Nxe6+ Kf7 70. Ng5+ Kf8 71. e6 1-0

[Event "DEM U18w 2011"]
[Site "Oberhof GER"]
[Date "2011.06.15"]
[Round "6"]
[White "Bochis, Julia"]
[Black "Sancar, Alina"]
[Result "1/2-1/2"]
[Termination "normal"]
[Board "1"]
[WhiteTitle "FM"]
[WhiteElo "2128"]
[BlackElo "1795"]
[PlyCount "45"]
[WhiteFideId "24647276"]
[BlackFideId "4624750"]
[EventCountry "GER"]
[EventRounds "9"]
[EventType "swiss"]
[EventDate "2011.06.11"]

1. e4 e5 2. Nf3 Nc6 3. Bb5 a6 4. Ba4 Nf6 5. O-O Nxe4 6. d4 exd4 7. Re1 d5 8.
Nbd2 b5 9. Nxe4 dxe4 10. Rxe4+ Be7 11. Bg5 O-O 12. Bxe7 Nxe7 13. Rxd4 Qe8 14.
Bb3 Nc6 15. Rd3 Bg4 16. Re3 Rd8 17. Qe1 Qd7 18. c3 Bxf3 19. Rxf3 Rde8 20. Qf1
Ne5 21. Rf4 Qd2 22. Re4 Ng6 23. Rxe8 1/2-1/2

[Event "DEM U18w 2011"]
[Site "Oberhof GER"]
[Date "2011.06.15"]
[Round "6"]
[White "Stitterich, Nadine"]
[Black "Dorn, Carina"]
[Result "1/2-1/2"]
[Termination "normal"]
[Board "2"]
[WhiteElo "2015"]
[BlackElo "1900"]
[PlyCount "37"]
[WhiteFideId "24676527"]
[BlackFideId "24666335"]
[EventCountry "GER"]
[EventRounds "9"]
[EventType "swiss"]
[EventDate "2011.06.11"]

1. e4 e6 2. d4 d5 3. Nc3 Bb4 4. e5 c5 5. Qg4 Ne7 6. dxc5 Bxc3+ 7. bxc3 Qc7 8.
Nf3 Qxc5 9. Bd2 Nf5 10. Bd3 h5 11. Qg5 Qe7 12. Bxf5 Qxg5 13. Bxg5 exf5 14. Rd1
Nc6 15. Rxd5 Be6 16. Rb5 b6 17. Rb2 O-O 18. O-O Bd5 19. Nd4 1/2-1/2

[Event "DEM U18w 2011"]
[Site "Oberhof GER"]
[Date "2011.06.15"]
[Round "6"]
[White "Nguyen Minh, Thuy"]
[Black "Carow, Annelen"]
[Result "1-0"]
[Termination "normal"]
[Board "3"]
[WhiteElo "1937"]
[BlackElo "1860"]
[PlyCount "73"]
[WhiteFideId "24672688"]
[BlackFideId "24692492"]
[EventCountry "GER"]
[EventRounds "9"]
[EventType "swiss"]
[EventDate "2011.06.11"]

1. e4 e5 2. Nf3 Nc6 3. Bc4 Bc5 4. d3 Nf6 5. O-O a6 6. c3 Ba7 7. Bb3 d6 8. Nbd2
O-O 9. Re1 Ng4 10. Re2 Kh8 11. h3 Nh6 12. Nf1 f5 13. Bxh6 gxh6 14. exf5 Bxf5
15. Bd5 Qf6 16. Ng3 Bd7 17. Rd2 Qg7 18. Kh2 Rab8 19. Qb3 Ne7 20. Be6 Bc6 21.
Bg4 Nd5 22. d4 Nf6 23. Be6 Bxf3 24. gxf3 Qg5 25. Rd3 exd4 26. cxd4 c5 27. Rg1
Qf4 28. Qc3 Rbd8 29. d5 c4 30. Rd2 b5 31. a3 Ra8 32. Kh1 Bc5 33. Rg2 Rae8 34.
Re2 a5 35. Re4 Qg5 36. Nf5 Qh5 37. Rg8+ 1-0

[Event "DEM U18w 2011"]
[Site "Oberhof GER"]
[Date "2011.06.15"]
[Round "6"]
[White "Sonnhalter, Stella"]
[Black "Velina, Valeria"]
[Result "1-0"]
[Termination "normal"]
[Board "5"]
[WhiteElo "1748"]
[BlackElo "1751"]
[PlyCount "99"]
[WhiteFideId "4624815"]
[BlackFideId "24677345"]
[EventCountry "GER"]
[EventRounds "9"]
[EventType "swiss"]
[EventDate "2011.06.11"]

1. e4 c6 2. Nf3 d5 3. exd5 cxd5 4. Ne5 Nf6 5. d4 g6 6. Bd3 Bg7 7. O-O O-O 8. c3
Ne8 9. f4 Nd6 10. Nd2 Nd7 11. Nxd7 Bxd7 12. Nf3 Bf5 13. Bxf5 Nxf5 14. Kh1 Rc8
15. Ne5 e6 16. Qe1 b5 17. g4 Nd6 18. Qg3 Ne4 19. Qg2 b4 20. c4 f6 21. cxd5 fxe5
22. Qxe4 exd5 23. Qe1 e4 24. Qxb4 Rc4 25. Qa3 Bxd4 26. Be3 Bb6 27. f5 gxf5 28.
gxf5 Qf6 29. Rad1 d4 30. Qb3 Rfc8 31. Rc1 Qf7 32. Rg1+ Kh8 33. Bh6 Qd5 34. Rxc4
e3+ 35. Rg2 Rxc4 36. Bg7+ Kg8 37. Bxd4+ Kf7 38. Bxe3 Bxe3 39. Qxe3 Qd1+ 40. Qg1
Qf3 41. Qxa7+ Ke8 42. Qb8+ Kd7 43. Qb5+ Ke7 44. f6+ Kd6 45. Qg5 Qc6 46. h4 Kd7
47. f7 Qd6 48. Rd2 Rc1+ 49. Kg2 Rc2 50. Qf5+ 1-0

[Event "DEM U18w 2011"]
[Site "Oberhof GER"]
[Date "2011.06.15"]
[Round "6"]
[White "Evers, Annika"]
[Black "Gordeeva, Vitalia"]
[Result "1/2-1/2"]
[Termination "normal"]
[Board "6"]
[WhiteElo "1675"]
[BlackElo "1709"]
[PlyCount "58"]
[WhiteFideId "24691933"]
[BlackFideId "24688053"]
[EventCountry "GER"]
[EventRounds "9"]
[EventType "swiss"]
[EventDate "2011.06.11"]

1. d4 d5 2. Nf3 c5 3. e3 Nc6 4. b3 Nf6 5. Bd3 g6 6. O-O Bg7 7. Bb2 cxd4 8. exd4
O-O 9. Nbd2 Nb4 10. Be2 Bf5 11. a3 Nc6 12. Nh4 Bd7 13. f4 Re8 14. Bd3 Ng4 15.
Re1 Bxd4+ 16. Bxd4 Nxd4 17. h3 Nf6 18. c3 Nc6 19. f5 Qc7 20. fxg6 hxg6 21. c4
Qg3 22. Ndf3 dxc4 23. Bxc4 Bxh3 24. Qd3 Kg7 25. Re3 g5 26. Nf5+ Bxf5 27. Qxf5
Qf4 28. Qxg5+ Qxg5 29. Nxg5 e6 1/2-1/2

[Event "DEM U18w 2011"]
[Site "Oberhof GER"]
[Date "2011.06.15"]
[Round "6"]
[White "Rogasch, Miriam"]
[Black "Lehmann, Patricia"]
[Result "0-1"]
[Termination "normal"]
[Board "7"]
[WhiteElo "1795"]
[BlackElo "1522"]
[PlyCount "110"]
[WhiteFideId "4616324"]
[BlackFideId "12900060"]
[EventCountry "GER"]
[EventRounds "9"]
[EventType "swiss"]
[EventDate "2011.06.11"]

1. e4 c5 2. Nf3 d6 3. d4 cxd4 4. Nxd4 Nf6 5. Nc3 a6 6. Bc4 e6 7. Bb3 b5 8. O-O
Bb7 9. Bg5 Be7 10. Bxe6 fxe6 11. Nxe6 Qd7 12. Nxg7+ Kd8 13. Nf5 Kc7 14. Re1 Qe6
15. Nxe7 Qxe7 16. Qd4 Rf8 17. e5 dxe5 18. Rxe5 Qd6 19. Rc5+ Nc6 20. Bxf6 Rxf6
21. Nd5+ Kb8 22. Rxc6 Qxc6 23. Qxf6 Qxd5 24. f3 Qc5+ 25. Kh1 Qxc2 26. Re1 Qc6
27. Qf4+ Ka7 28. Rc1 Qe6 29. Qd4+ Qb6 30. Qg7 Qg6 31. Qd4+ Qb6 32. Qxb6+ Kxb6
33. Kg1 Rc8 34. Rf1 Rc2 35. Rf2 Rxf2 36. Kxf2 Kc5 37. Ke3 Bd5 38. a3 Kc4 39.
Kd2 Kd4 40. h4 Bc6 41. Ke2 Kc4 42. Kd2 Kb3 43. Kc1 a5 44. Kb1 Bd5 45. Kc1 b4
46. axb4 axb4 47. Kb1 Bc4 48. f4 Bd3+ 49. Kc1 Bf5 50. g3 Ka2 51. h5 h6 52. g4
Bxg4 53. b3 Kxb3 54. Kb1 Bf5+ 55. Ka1 Kc2 0-1

[Event "DEM U18w 2011"]
[Site "Oberhof GER"]
[Date "2011.06.15"]
[Round "6"]
[White "Sturm, Johanna"]
[Black "Begeluri, Nino"]
[Result "1/2-1/2"]
[Termination "normal"]
[Board "8"]
[WhiteElo "1606"]
[BlackElo "1843"]
[PlyCount "76"]
[WhiteFideId "12909904"]
[EventCountry "GER"]
[EventRounds "9"]
[EventType "swiss"]
[EventDate "2011.06.11"]

1. e4 e5 2. Nf3 Nc6 3. Bc4 Nf6 4. Nc3 Bc5 5. d3 d6 6. Bg5 Na5 7. Bb3 c6 8. O-O
h6 9. Be3 Bb6 10. Ne2 Bc7 11. Ng3 Nxb3 12. axb3 c5 13. Qc1 Be6 14. Nh4 Rg8 15.
Nhf5 Ng4 16. Bd2 d5 17. exd5 Qxd5 18. Ne3 Nxe3 19. fxe3 Qd7 20. e4 Bb6 21. Be3
Qb5 22. Kh1 O-O-O 23. Nf5 Rd7 24. Qe1 Bxf5 25. Rxf5 f6 26. Qc3 Rc7 27. Qc4 Qxc4
28. bxc4 Kb8 29. Bd2 Rc6 30. Ba5 Bxa5 31. Rxa5 a6 32. g4 Kc7 33. h4 Kb6 34. Ra3
a5 35. Rf1 Ka6 36. Rb1 Rb6 37. b3 Rc6 38. Kg2 b6 1/2-1/2